| 000 | 00534nam a2200193Ia 4500 | ||
|---|---|---|---|
| 003 | GCL | ||
| 008 | 140319s9999 xx 000 0 ara d | ||
| 040 |
_aGCL / _cGCL |
||
| 082 | 0 | 4 |
_a301.412 _bل م |
| 100 | 1 | _aجورج طرابيشى (مترجم) | |
| 245 | 1 | 0 |
_aالمرأة والاشتراكية / _cجورج طرابيشى (مترجم) |
| 700 | 1 | _aلينين | |
| 300 | _a268 ص | ||
| 490 | _a | ||
| 650 | 0 | 4 | _aالمرأة |
| 650 | 0 | 4 | _aالاشتراكية |
| 650 | 0 | 4 | _aالتغير الاجتماعى |
| 942 |
_2ddc _cBK |
||
| 999 |
_c44885 _d44885 |
||